Diseño y construcción de un fotobiorreactor para la obtención y análisis de las curvas de crecimiento de cepas de cianobacterias unicelulares
محفوظ في:
| المؤلف الرئيسي: | |
|---|---|
| مؤلفون آخرون: | |
| التنسيق: | كتاب |
| اللغة: | Spanish |
| منشور في: |
[San José , Costa Rica]
2019
|
| الموضوعات: | |
| الوسوم: |
إضافة وسم
لا توجد وسوم, كن أول من يضع وسما على هذه التسجيلة!
|
MARC
| LEADER | 00000nam a22000007a 4500 | ||
|---|---|---|---|
| 003 | 013127 | ||
| 005 | 20230508102536.0 | ||
| 008 | 190917b xxu||||| |||| 00| 0 spa d | ||
| 040 | |c cru CEDI | ||
| 100 | |9 508 |a Castro Torrentes, América María, 1992- | ||
| 245 | |a Diseño y construcción de un fotobiorreactor para la obtención y análisis de las curvas de crecimiento de cepas de cianobacterias unicelulares | ||
| 260 | |a [San José , Costa Rica] |c 2019 | ||
| 500 | |a Proyecto de graduación(licenciatura en ingeniería química)--Universidad de Costa Rica. Facultad de Ingeniería. Escuela de Ingeniería Química | ||
| 501 | |a Director de Proyecto de Graduación: Ing. Adolfo Ulate Brenes, M.Sc. | ||
| 650 | |x FOTOBIORREACTORES - DISEÑO Y CONSTRUCCION |x FOTOSINTESIS |x CIANOBACTERIAS | ||
| 700 | |9 20 |a Ulate Brenes, Adolfo Mauricio,1977- |d Director del TFG | ||
| 942 | |c CEDI |h TFG 8277 |6 TFG_8277_000000000000000 | ||
| 999 | |c 21792 |d 21792 | ||
